Provinces de Belgique sans voyelle. - Statistiques

Statistiques générales
  • Ce quiz a été pris 24 fois
  • Le résultat moyen est 9 sur 10
Statistiques - réponses
HINT ANSWER % Correct
Pr_v_nc_ d_ N_m_r Province de Namur
100%
Pr_v_nc_ d_ L_x_mb__rg Province de Luxembourg
91%
Pr_v_nc_ d'_nv_rs Province d'Anvers
86%
Pr_v_nc_ d_ L__g_ Province de Liège
86%
Pr_v_nc_ d_ Br_b_nt fl_m_nd Province du Brabant flamand
86%
Pr_v_nc_ d_ Br_b_nt w_ll_n Province du Brabant wallon
86%
Pr_v_nc_ d_ Fl_ndr_-_cc_d_nt_l_ Province de Flandre-Occidentale
82%
Pr_v_nc_ d_ Fl_ndr_-_r__nt_l_ Province de Flandre-Orientale
82%
Pr_v_nc_ d_ H__n__t Province de Hainaut
82%
Pr_v_nc_ d_ L_mb__rg Province de Limbourg
82%
Aucun quiz correspondant
Distribution des résultats
% des personnes avec chaque résultat
Percentile par nombre de réponses
Votre historique - résultats
Vous n’avez pas pris ce quiz